Traditional systems of the Bodo community : (Record no. 39352)

MARC details
000 -LEADER
fixed length control field 01192nam a22002297a 4500
020 ## - INTERNATIONAL STANDARD BOOK NUMBER
ISBN 9789383079254
041 ## - LANGUAGE CODE
Language code of text/sound track or separate title eng-
082 ## - DEWEY DECIMAL CLASSIFICATION NUMBER
Classification number 307.72
Item number TRA-
245 ## - TITLE STATEMENT
Title Traditional systems of the Bodo community :
Sub Title Change and continuity /
Statement of responsibility, etc Vivekananda Kendra Institute of Culture
260 ## - PUBLICATION, DISTRIBUTION, ETC. (IMPRINT)
Place of publication Assam:
Name of publisher Vivekananda Kendra Institute of Culture 2018,
Year of publication 2018.
300 ## - PHYSICAL DESCRIPTION
Number of Pages x, 138p.
504 ## - BIBLIOGRAPHY, ETC. NOTE
Bibliography, etc includes bibliography and index
520 ## - SUMMARY, ETC.
Summary, etc This bok includes the papers presented in the seminar titled ''Traditional systems of the Bodo community : Change and continuity" held at Kajalgaon, BTAD, Assam on 31st October and 1st November, 2015.
546 ## - LANGUAGE NOTE
Language note English.
650 ## - SUBJECT ADDED ENTRY--TOPICAL TERM
Topical Term Bodo (Indic people)
Form subdivision Social customs
General subdivision Cultural practices
Geographic subdivision Assam (India)
650 ## - SUBJECT ADDED ENTRY--TOPICAL TERM
Topical Term Indigenous peoples
Form subdivision Social life and customs
General subdivision Traditional systems
Geographic subdivision Assam (India)
650 ## - SUBJECT ADDED ENTRY--TOPICAL TERM
Topical Term Cultural change
Form subdivision Studies
General subdivision Social and cultural aspects
Geographic subdivision Assam (India)
650 ## - SUBJECT ADDED ENTRY--TOPICAL TERM
Topical Term Folk traditions
Form subdivision Continuity and change
General subdivision Bodo community practices
Geographic subdivision Assam (India)
650 ## - SUBJECT ADDED ENTRY--TOPICAL TERM
Topical Term Ethnology
Form subdivision Comparative studies
General subdivision Bodo community
Geographic subdivision Assam (India)
700 ## - ADDED ENTRY--PERSONAL NAME
Personal name Vivekananda Kendra Institute of Culture
Relator term Contributor
942 ## - ADDED ENTRY ELEMENTS (KOHA)
Source of classification or shelving scheme Dewey Decimal Classification
Koha item type Books
Holdings
Withdrawn status Lost status Damaged status Not for loan Home library Current library Date acquired Source of acquisition Cost, normal purchase price Bill Date Full call number Accession Number Cost, replacement price Price effective from Koha item type
        NASSDOC Library NASSDOC Library 21/03/2024 Overseas Press India Pvt. Ltd 216.60 2024-03-20 307.72 TRA- 54443 300.00 20/03/2024 Books